Normal view
MARC view
- SANA LIAQUAT
Entry Personal Name
001 - CONTROL NUMBER
- control field: 70085
003 - CONTROL NUMBER IDENTIFIER
- control field: NUST
005 - DATE AND TIME OF LATEST TRANSACTION
- control field: 20210628204351.0
008 - FIXED-LENGTH DATA ELEMENTS
- fixed length control field: 210628|| aca||aabn | a|a d
040 ## - CATALOGING SOURCE
- Original cataloging agency: NUST
- Transcribing agency: NUST
100 ## - HEADING--PERSONAL NAME
- Personal name: SANA LIAQUAT
670 ## - SOURCE DATA FOUND
- Source citation: Work cat.: (NUST): SANA LIAQUAT,, TH-SOF-1238-Real World Object Detection as Markers for Autonomous Aerial Motion Planning Application Using Single Camera, 2016
